000 00414nam a2200157 a 4500
001 000031248
005 20200930062812.0
008 110615s1939 dr 000 0 spa d
040 _aDO-SdBNP
_bspa
_cBNPHU
082 _axxxx
_bP438c
100 1 _aPérez Ortíz, R.
_92442
245 1 0 _aCal y canto. /
_cR. Pérez Ortiz.
260 _aSanto Domingo :
_bFemina,
_c1939.
300 _a33 p. ;
_c20 cm.
049 _aBNPD
999 _c30740
_d30740